Union Library Management V6
เปลี่ยนเป็นภาษาไทย

Change to English
 แสดงรายละเอียดบรรณานุกรม
  กลับหน้าหลัก

Brief Record : Get Marc (ISO 2709) : E-mail record : QR code < ปิดหน้าต่าง
LEADER : 00000nam 2200000uu 4500
001    13399122399
003     ULIB
008    121114s||||||||th 000 0 tha d
020    9786169262466
050  0 ^aWT100^bว724ก 2561
060  0 ^aWT100^bว724ก 2561
100 0  ^aวิไล คุปต์รัติศัลกุล, บรรณาธิการ
245 00 การฟื้นฟูผู้สูงอายุในปัญหาสุขภาพที่พบบ่อย=^b Geriatric Rehabilitation in Common Health Problems /^c วิไล คุปต์นิรัติศัยกุล,บรรณาธิการ
250    พิมพ์ครั้งที่ 1 ( ราคา 550 บาท )
260    ^aกรุงเทพฯ :^bคณะแพทยศาสตร์ มหาวิทยาลัยมหิดล,^c 2561
300    ^a 516 หน้า :^bภาพประกอบ ;ตาราง ;^c 30 ซม.
505 0  บทที่ 1 ความรู้พื้นฐานเกี่ยวกับการฟื้นฟูผู้สูงอายุ
505 0  บทที่ 2 กลุ่มอาการสูงอายุที่สัมพันธ์กับการฟื้นฟู
505 0  บทที่ 3 การฟื้นฟูผู้สูงอายุโรคระบบกล้ามเนื้อและกระดูก
505 0  บทที่ 4 การฟื้นฟูผู้สูงอายุโรคระบบประสาท
505 0  บทที่ 5 การฟื้นฟูผู้สูงอายุโรคระบบหัวใจและหายใจ
650  7 ^aผู้สูงอายุ^xสุขภาพอนามัย^xการฟื้นฟู
945    ^p550^l0^i078295
945    ^p550^l0^i078294
945    ^p550^l0^i078293
945    ^p550^l0^i080315
945    ^p550^l0^i080314
999     ^aกมลทิพย์ สมแก้ว
 
รายการนี้ยังไม่มีแท็ก
คุณยังไม่ได้ล็อกอิน คุณสามารถมีกิจกรรมร่วมกับเว็บไซต์ได้ แต่ต้องล็อกอินก่อน ::
  ล็อกอิน
  One Stop Service : ศูนย์ให้บริการแบบเบ็ดเสร็จ   จัดการหนังสือโปรด   แจ้งรายการบรรณานุกรมผิดพลาด
ลำดับที่ ประเภท เลขเรียก/บาร์โค้ด สถานที่ สถานะ
1. หนังสือ
หนังสือ
WT100 ว724ก 2561 c.1 
  Barcode: 078293
ห้องสมุดฝั่งลำปาง
►หนังสือทั่วไป
บนชั้น
2. หนังสือ
หนังสือ
WT100 ว724ก 2561 c.2 
  Barcode: 078294
ห้องสมุดฝั่งลำปาง
►หนังสือทั่วไป
บนชั้น
3. หนังสือ
หนังสือ
WT100 ว724ก 2561 c.3 
  Barcode: 078295
ห้องสมุดฝั่งลำปาง
►หนังสือทั่วไป
บนชั้น
4. หนังสือ
หนังสือ
WT100 ว724ก 2561 c.4 
  Barcode: 080314
ห้องสมุดฝั่งเขลางค์
►หนังสือทั่วไป
บนชั้น
  ขอยืม
5. หนังสือ
หนังสือ
WT100 ว724ก 2561 c.5 
  Barcode: 080315
ห้องสมุดฝั่งเขลางค์
►หนังสือทั่วไป
บนชั้น
  ขอยืม

BibComment


ยังไม่เคยถูกคอมเมนท์

คอมเมนท์ทรัพยากรรายการนี้
  คอมเมนท์: การฟื้นฟูผู้สูงอา..

 
 
 

 Union Library Management : ULibM
Copyright 2026. All Rights Reserved.